00434 2200169 4500001002100000008004100021035002000062245003600082100002200118260003100140300002100171020002200192084001400214082000800228650001000236990001800246INLIS000000000000185 ind  a0010-0724000185 aSilent KillercChristina Juzwar aJuzwar, Christina aJakarta :bGramedia,c2016 a223 hlm.c20 cm. a978-602-03-2582-8 a813 CHR s a813 aFiksi aP29/CP/24/185